000 00295nam a2200109Ia 4500
008 220204s9999 xx 000 0 und d
082 _a543.51
_bBIE
100 _aBiemann, Klaus
245 0 _aMass spectrometry: Organic chemical applications
260 _aNew York
_bMcGraw Hill
_c1962
942 _cBK
999 _c20440
_d20440